Innovacionnyj sojuz - ključevaja iniciativa strategii "Jevropa 2020"

Päť hlavných cieľov stratégie Európa 2020. Inovatívna únia - kľúčová iniciatíva Európskej únie. Horizont 2020 a iné iniciatívy Európskej komisie.

Saved in:
Bibliographic Details
Main Author: Gonda, Vladimír
Format: Book Chapter
Language:Russian
Subjects:
Tags: Add Tag
No Tags, Be the first to tag this record!

MARC

LEADER 00000naa$a2200000$$$4500
001 0195736
005 20240502083457.0
041 0 |a rus 
044 |a RU 
245 1 0 |a Innovacionnyj sojuz - ključevaja iniciativa strategii "Jevropa 2020"  |c Vladimír Gonda 
520 |a Päť hlavných cieľov stratégie Európa 2020. Inovatívna únia - kľúčová iniciatíva Európskej únie. Horizont 2020 a iné iniciatívy Európskej komisie. 
610 2 0 |a spolupráca hospodárska medzinárodná 
610 2 0 |a inovácia 
610 2 0 |a výskum 
610 2 0 |a zamestnanosť 
610 2 0 |a investície 
610 2 0 |a rast hospodársky 
610 2 0 |a Európska únia 
100 1 |a Gonda, Vladimír